Statistiken für Fußball: Beste Torschützen deutsche u21-Nationalmannschaft

Klicken Sie hier um das Quiz zu spielen!

Allgemein

  • Dieses Quiz wurde 64 mal gespielt
  • Das Durchschnittsergebnis liegt bei 4 aus 25

Antwortstatistiken

ZeitraumVereinToreSpieler% Korrekt
2021-Dortmund12Youssoufa Moukoko
80%
2020-2022Mainz10Jonathan Burkardt
33%
2019-2021Wolfsb./
Middlesbr./Anderl.
12Lukas Nmecha
33%
2017-2019Hamburg/Freiburg11Luca Waldschmidt
31%
2014–2017Schalke7Max Meyer
31%
2015-2017RB Leipzig9Davie Selke
29%
1996–1998Lautern7Michael Ballack
29%
1980-1982186010Rudi Völler
27%
1995–1998Dortmund8Lars Ricken
20%
2013–2015Ingolstadt/Lautern9Philipp Hofmann
16%
1993–1996Bayern7Alexander Zickler
14%
2012-2015186011Kevin Volland
14%
1988–1990Hamburg7Oliver Bierhoff
14%
1980-1982Köln18Pierre Littbarski
14%
2003-2005Schalke14Mike Hanke
12%
2002-2004Mainz15Benjamin Auer
10%
2010-2013Schalke/Bochum14Lewis Holtby
10%
2010–2013Hoffenh./Gladbach8Peniel Mlapa
10%
2017-2018Nürnberg/Schalke8Cedric Teuchert
8%
2015–2019Bremen/Mainz7Levin Öztunali
4%
2011–2013Dortmund7Moritz Leitner
4%
1999–2001Bayern/18607Daniel Bierofka
2%
1990-1993Leverkusen17Heiko Herrlich
2%
1993-1996Bayern10Christian Nerlinger
0%
2007-2008Osnabrück13Rouwen Hennings
0%

Verteilung der Resultate

Perzentil nach korrekt beantworteten Fragen

Anzahl Personen mit jedem Resultat

Ihre Resultats-Entwicklung

Sie haben dieses Quiz noch nicht gespielt